|
|
|
|
| LEADER |
01181nam a2200301 a 4500 |
| 001 |
3905 |
| 003 |
BD-DhAAL |
| 005 |
20150429100826.0 |
| 008 |
150429s1998 mauab 001 0 eng |
| 010 |
|
|
|a 97025681
|
| 020 |
|
|
|a 025617217X (alk. paper)
|
| 020 |
|
|
|a 0256172668 (student's ed. : alk. paper)
|
| 020 |
|
|
|a 0071152261 (International ed. : alk. paper)
|
| 040 |
|
|
|a DLC
|c DLC
|d DLC
|d BD-DhAAL
|
| 050 |
0 |
0 |
|a HB172.5
|b .C638 1998
|
| 082 |
0 |
0 |
|a 339
|2 21
|
| 100 |
1 |
|
|a Colander, David C.
|9 10843
|
| 245 |
1 |
0 |
|a Macroeconomics /
|c David C. Colander.
|
| 250 |
|
|
|a 3rd ed.
|
| 260 |
|
|
|a Boston, Mass. :
|b Irwin/McGraw-Hill,
|c c1998.
|
| 300 |
|
|
|a 1 v. (various pagings) :
|b ill. (some col.), col. maps ;
|c 28 cm.
|
| 500 |
|
|
|a Includes index.
|
| 541 |
|
|
|e 3905
|
| 650 |
|
0 |
|a Macroeconomics.
|9 10781
|
| 942 |
|
|
|2 ddc
|c BK
|
| 999 |
|
|
|c 34344
|d 34344
|
| 952 |
|
|
|0 0
|1 0
|2 ddc
|4 0
|6 339_000000000000000_COL
|7 0
|9 53616
|a SCL
|b SCL
|c GEN
|d 2015-04-29
|e Gift: The Asia Foundation
|l 0
|o 339 COL
|p 3020003905
|r 2015-04-29
|t 1
|w 2015-04-29
|y BK
|
| 952 |
|
|
|0 0
|1 0
|2 ddc
|4 0
|6 339_000000000000000_COL
|7 0
|9 54444
|a SCL
|b SCL
|c GEN
|d 2015-06-21
|e Gift: The Asia Foundation
|l 0
|o 339 COL
|p 3020005850
|r 2015-06-21
|t 2
|w 2015-06-21
|y BK
|